000 00724nam a2200253Ia 4500
003 OSt
005 20221005062243.0
006 a|||||r|||| 00| 0
007 ta
008 221004b |||||||| |||| 00| 0 eng d
020 _a9781138668669 (pbk)
_cUKP 24.99
024 _a66788
037 _b1747, 13/12/2019, Bright Book Service
_cTextual
040 _aCRL
_cCRL
_beng
041 _2eng
_aeng
082 _aY:1, R0
100 _aGroh Arnold Au.
_9601602
245 0 _aTheories of culture
260 _aLondon
_bRoutledge UK
_c2020
300 _avi,335p.
_ccm.
650 _aCULTURE
942 _hY:1, R0
_cTEXL
_2cc
999 _c969408
_d969408